[Event "DDR-ch26 Final"]
[Site "Frankfurt/Oder"]
[Date "1977.02.12"]
[Round "2"]
[White "Espig, Thomas"]
[Black "Braun, Gottfried"]
[Result "1-0"]
[WhiteElo "2310"]
[BlackElo "2360"]
[Annotator "Espig,T"]
[PlyCount "49"]
[EventDate "1977.02.11"]
[EventType "tourn"]
[EventRounds "15"]
[EventCountry "DDR"]
[SourceTitle "EXT 2000"]
[Source "ChessBase"]
[SourceDate "1999.11.16"]
[SourceVersion "1"]
[SourceVersionDate "1999.11.16"]
[SourceQuality "1"]

1. e4 e5 2. Nf3 d6 3. d4 exd4 4. Nxd4 Nf6 5. Nc3 Be7 6. Be2 O-O 7. O-O (7. g4
d5 $1) 7... c5 8. Nf3 Nc6 9. h3 a6 10. Re1 (10. a4 Nb4) 10... b5 11. Bf1 Bb7
12. b3 Re8 $6 (12... b4 $142) 13. Nd5 Nxd5 14. exd5 Nb4 15. c4 Bf6 16. Rxe8+
Qxe8 17. Bf4 $1 Bxa1 $2 (17... Rd8 18. a3 Bxa1 19. Qxa1 Nc2 20. Qb2 Ne1 $2 (
20... Nd4 21. Nxd4 cxd4 22. Qxd4 $14) 21. Nd2 Bc8 22. Qb1 {/\ Le3}) 18. Qxa1
bxc4 19. bxc4 Rd8 $6 (19... Qe7) 20. Qb1 $1 Qa4 21. a3 $3 Qxa3 (21... Qc2 22.
Qe1 $1) 22. Ng5 g6 23. Qe1 Qa4 24. Nxf7 $1 Qd7 (24... Re8 25. Nh6+ Kf8 26. Qc3
$18) 25. Nxd8 1-0

[Event "EU-ch 20th"]
[Site "Skopje"]
[Date "2019.03.21"]
[Round "4"]
[White "Rodshtein, Maxim"]
[Black "Moussard, Jules"]
[Result "1-0"]
[WhiteElo "2673"]
[BlackElo "2601"]
[Annotator "Fernandez,D"]
[PlyCount "145"]
[EventDate "2019.03.18"]
[EventType "swiss"]
[EventRounds "11"]
[EventCountry "MKD"]
[Tiebreak "Sum of Buchholz"]
[SourceTitle "CBM 189"]
[Source "ChessBase"]
[SourceDate "2019.04.29"]
[SourceVersion "1"]
[SourceVersionDate "2019.04.29"]
[SourceQuality "1"]

{[%evp 0,145,34,25,83,75,76,70,83,57,63,45,46,34,34,46,55,50,66,27,52,50,88,47,
40,29,74,68,82,52,89,65,61,48,66,50,50,-23,28,28,25,42,45,60,66,61,60,45,50,37,
48,51,87,87,106,88,94,76,62,65,68,60,57,76,77,60,52,55,67,57,74,55,63,103,94,
79,63,74,70,98,81,81,81,46,53,78,68,71,63,45,83,82,89,89,81,83,91,66,66,101,91,
103,107,20,28,35,40,48,43,0,0,84,82,96,112,149,136,156,155,162,162,156,170,164,
164,184,313,369,431,522,526,513,716,921,983,992,992,992,1002,1002,1002,1240,
1322,1780,1032,28247,29971,29974]} 1. d4 d6 2. e4 Nf6 3. Nc3 e5 4. Nf3 $1 ({
Obviously, Black's last move was an invitation to play the queenless position
after} 4. dxe5 dxe5 5. Qxd8+ Kxd8 6. Bc4 Bb4 {where in spite of White's
apparent advantage, many Black players have worked out means and ways to
obtain an approximately equal position.}) 4... Nbd7 5. Bc4 Be7 6. a4 (6. Ng5
O-O 7. Bxf7+ Rxf7 8. Ne6 Qe8 9. Nxc7 Qd8 10. Nxa8 b5 $1 $11 {leads to the
demise of White's knight.}) (6. O-O O-O 7. Re1 c6 8. a4 {is a more popular
order.}) 6... O-O 7. O-O c6 8. Re1 h6 9. h3 Re8 10. Be3 Qc7 11. Ba2 {Typically
for this structure, Black is quite constricted. The main freeing ideas are ...
d5 (after a long preparation period) and ...Nf8, this latter being more
appropriate after a bishop retreat to a2 rather than to f1.} Nf8 (11... b6) 12.
Qd3 Ng6 (12... Be6 13. a5 Bxa2 14. Rxa2 Ng6 $14 {Black can be happy enough
with having exchanged one pair of pieces, but his position is still a bit
passive.}) 13. a5 Nh5 (13... Bd7 $5 {with the idea of ...b5 is an
unconventional but perhaps successful approach to Black's challenges.}) 14. Ne2
{Other than at this point, White's play throughout the late opening and early
middlegame creates a strong impression.} ({It might have been better to try
for the a6/d5 complex with} 14. Qc4 $5 $14) 14... Bf8 (14... Bf6 $6 15. g4 Nhf4
16. Nxf4 Nxf4 17. Bxf4 exf4 {Just as in the King's Gambit, this capturing
pattern works out badly for Black:} 18. e5 $16) 15. d5 c5 ({Despite everything,
it was possible to stay patient with} 15... Bd7 $1 16. a6 b5 $11) 16. Qd2 Qd8
17. Bc4 Bd7 18. Kh2 Nh4 19. Nxh4 Qxh4 20. Nc3 Reb8 (20... f5 21. g3 Qe7 22.
exf5 Bxf5 $14) 21. Bb5 Qd8 22. Qe2 Nf4 23. Qf3 Ng6 24. Bxd7 Qxd7 25. Qg4 $14 {
The position is now well under control, and White has not only a better
position but also the momentum.} Qe8 26. h4 Kh7 27. g3 Be7 28. Reb1 b5 29. axb6
axb6 30. Rxa8 Rxa8 31. b4 Rb8 (31... Nf8 $14 {was the damage-limitation move,
and in any case it made sense to remove the knight from its dominated post on
g6.}) 32. Qe2 Qc8 33. bxc5 bxc5 34. Ra1 Kg8 35. Ra7 Qd8 36. Qg4 Kh7 37. Qd7 ({
The computer suggests the regrouping with} 37. Bd2 $16 {followed by Nd1-e3.})
37... Qxd7 38. Rxd7 h5 39. Bg5 f6 40. Bc1 Kg8 41. g4 Kf7 42. gxh5 Ke8 43. Ra7
Nxh4 44. Kg3 f5 45. Rxe7+ $6 {This move liquidates into an endgame that may
not actually be winning.} (45. exf5 $1 Nxf5+ 46. Kg4 Nd4 47. Bg5 {seems like a
better way to keep Black tied up.}) 45... Kxe7 46. Kxh4 f4 47. Kg5 Kf7 (47...
Ra8 $1 $14 {It is not clear how White can reliably prevent this rook from
becoming active.}) 48. f3 {It was better to play Ba3 immediately; Black had
probably missed that the Ba3, Nb5 construct could never be broken down.} Rb7
49. Kf5 Rb8 50. Ba3 $1 {The position is now mathematically winning.} Rh8 (50...
Rb7 51. Na4 Ra7 52. Bxc5 Rxa4 53. Bxd6 {is how things would go if Black just
tried to hold still.}) 51. Kg4 $6 g6 $1 52. hxg6+ Kxg6 53. Nb5 Rd8 (53... Ra8
$1 {was the chance afforded by White's slight innaccuracy.} 54. Bc1 Ra2 $16 {
I can't tell if this is technically a win anymore.}) 54. c4 Kf6 55. Nxd6 Rxd6
56. Bxc5 {It's done. There are no more hard moves for White in this game.} Rd8
57. Bf2 Rg8+ 58. Kh3 Ke7 59. c5 Rg6 60. Be1 Rg1 61. Bh4+ Kd7 62. Bf6 Rg3+ 63.
Kh4 Rxf3 64. Bxe5 Rd3 65. c6+ Kc8 66. d6 f3 67. Kg3 Kd8 68. Bf6+ Kc8 69. e5 Kb8
70. d7 Kc7 71. d8=Q+ Rxd8 72. Bxd8+ Kxd8 73. e6 1-0

[Event "URS Zenith CC-ch"]
[Site "Jurmala"]
[Date "1980.09.??"]
[Round "?"]
[White "Filipenko, Alexander V"]
[Black "Vorotnikov, Vladislav V"]
[Result "1-0"]
[WhiteElo "2335"]
[BlackElo "2440"]
[Annotator "Filipenko,AV"]
[PlyCount "49"]
[EventDate "1980.09.04"]
[EventType "tourn"]
[EventRounds "16"]
[EventCountry "URS"]
[SourceTitle "EXT 2011"]
[Source "ChessBase"]
[SourceDate "2010.11.26"]
[SourceVersion "1"]
[SourceVersionDate "2010.11.26"]
[SourceQuality "1"]

1. e4 e5 2. Nf3 d6 3. d4 exd4 4. Nxd4 g6 5. Nc3 Bg7 6. Be3 Nf6 7. Qd2 O-O 8.
O-O-O Nc6 9. Nxc6 bxc6 10. Bh6 Bxh6 11. Qxh6 Rb8 12. f3 Qe7 13. h4 d5 14. h5
Qb4 15. hxg6 fxg6 (15... Qxb2+ $2 16. Kd2 fxg6 17. Rb1) 16. e5 Bf5 $2 (16... d4
17. Nb5 $1 cxb5 18. exf6 Rf7 19. Bd3 {[%cal Gd3g6]}) (16... Qxb2+ 17. Kd2 Bf5
$1 (17... d4 $2 18. Bc4+ Rf7 19. Bxf7+ Kxf7 20. exf6 Qxc3+ 21. Ke2 Qxc2+ 22.
Rd2) 18. Rc1 (18. Bd3 $2 Bxd3 19. Kxd3 d4 $1) (18. exf6 $2 Qxc2+ 19. Ke1 Qxc3+
20. Kf2 Rf7) 18... Nh5 (18... d4 $2 19. Bc4+ Kh8 20. exf6 Qxc3+ 21. Kd1 Bxc2+
22. Rxc2 Rb1+ 23. Rc1 Rxc1+ 24. Qxc1 Qxc1+ 25. Kxc1 Rxf6) 19. g4 d4 20. Nb1 $1
Qb4+ 21. Kd1 Bxc2+ $1 22. Rxc2 d3 $1 23. Bxd3 (23. Rc1 Rxf3 $1) 23... Qxb1+ 24.
Qc1 Nf4 (24... Rfd8 25. gxh5 Rxd3+ 26. Ke2 $14) 25. Bc4+ Kg7 26. Qxb1 Rxb1+ 27.
Rc1 $15) (16... Nh5 17. g4 Qf4+ 18. Qxf4 Nxf4 {beter endspiel for White.}) 17.
Bb5 $1 Nh5 (17... cxb5 18. exf6) (17... Rxb5 18. Nxb5) 18. g4 d4 19. Rxh5 $1
gxh5 20. gxf5 Kh8 21. a3 Qe7 22. f6 Qf7 (22... Qd7 23. Bxc6 (23. e6)) 23. Bc4
Qg6 24. Qxg6 hxg6 25. Ne4 1-0

[Event "ISR-ch"]
[Site "Tel Aviv"]
[Date "2002.11.29"]
[Round "5"]
[White "Vydeslaver, Alik"]
[Black "Klenburg, Mikhail"]
[Result "1-0"]
[WhiteElo "2434"]
[BlackElo "2331"]
[Annotator "Finkel,A"]
[PlyCount "93"]
[EventDate "2002.11.24"]
[EventType "swiss"]
[EventRounds "9"]
[EventCountry "ISR"]
[SourceTitle "CBM 093"]
[Source "ChessBase"]
[SourceDate "2003.04.01"]
[SourceVersion "1"]
[SourceVersionDate "2003.04.01"]
[SourceQuality "1"]

1. e4 d6 2. d4 Nf6 3. Nc3 e5 4. Nf3 Nbd7 (4... exd4 5. Nxd4 Be7 6. Bc4 O-O 7.
O-O Nc6 $14 {Zaitsev,I-Kuzmin,G, Moscow 1992}) 5. Bc4 (5. a4 Be7 6. g3 $5 O-O
7. Bg2 c6 8. O-O b6 {Romero Holmes,A.Franco,Z, Leon 1992.}) 5... Be7 6. O-O O-O
7. Re1 (7. Qe2) (7. a4 c6 8. Qe2 exd4 $5 9. Nxd4 Nc5 (9... Re8 10. Ba2 Bf8 11.
Qf3 Ne5 12. Qd1 a5 13. h3 $5 Qb6 $1 14. Nde2 Ned7 $6 15. Ng3 Nc5 16. Bg5 $14 {
Wedberg,T-Nevednichij, Manila (ol) 1992.}) 10. Ba2 a5 11. Qf3 Qb6 12. Nb3 $5
$14 {Kaminski,M-Cifuentes Parada,R, Polanica Zdroj 1992}) 7... c6 8. a4 Qc7 (
8... h6 9. h3 (9. a5 $5 Re8 10. d5 Bf8 11. b4 $5 cxd5 12. Nxd5 Nxd5 13. Qxd5
Qe7 14. Be3 Nf6 15. Qd3 $14 {Tseitlin,MS-Belikov,V, Moscow 1992. CBM 33 game
620.}) 9... Re8 10. Bf1 $5 Bf8 11. g3 b6 12. Bg2 Bb7 13. b3 a6 14. Bb2 $14 {
Timoshchenko,G-Belikov,V, Moscow 1992}) (8... a5 9. Ba2 (9. h3 Re8 10. Be3 Qc7
11. Qb1 $5 $14 {[%csl Rf7][%cal Gb1a2] Zaitsev,I-Rashkovsky,N, Moscow 1992.})
9... h6 10. Qd3 exd4 11. Nxd4 Ne5 12. Qd1 Re8 13. h3 Ng6 14. Be3 Bf8 15. Qe2
Qe7 16. f3 Qc7 $14 {Aseev,K-Belikov,V, Moscow 1992}) (8... b6 9. d5 c5 10. a5
$14) 9. h3 (9. a5 Re8 10. h3 exd4 11. Nxd4 g6 12. Bf4 Bf8 13. Qd2 Nc5 $14 {
Kholmov,R-Chernosvitov,A, Vokresensk 1992}) 9... b6 10. Bg5 Re8 (10... Bb7 11.
Re2 $5 (11. d5 cxd5 12. Bxd5 Bxd5 13. Nxd5 Nxd5 14. Qxd5 Bxg5 15. Nxg5 Nf6 16.
Qd3 h6 17. Nf3 Rac8 18. c3 Rfd8 $11 {[%cal Gd6d5] Gallagher,J-Barbero,G/Bern
1991}) (11. Qe2 a6 12. dxe5 $5 Nxe5 13. Nd4 b5 14. Ba2 b4 15. Nb1 h6 $13 {
Yagupov,I-Hasangatin,R/Moscow 1994}) (11. d5) 11... a6 12. d5 cxd5 13. Bxd5
Bxd5 14. Bxf6 Nxf6 15. Nxd5 Nxd5 16. Qxd5 Rfc8 17. Ne1 $1 $14 {Kharlov,
A-Panchenko,A/Moscow 1992}) (10... a6 11. d5 $5 (11. Ba2 Re8 12. Bh4 h6 13. Bg3
Ra7 14. Nh4 b5 15. Nf5 Bf8 16. Qf3 exd4 17. Nxd4 b4 $132 {De Firmian,N-Rohde,M/
USA-ch 1988}) 11... Bb7 12. dxc6 Bxc6 13. Nd2 h6 14. Be3 Qb7 15. Qe2 Rfc8 16.
Rad1 b5 $1 {[%csl Rc2]} 17. axb5 axb5 $132 {Yakovich,Y-Malaniuk,V/Oviedo 1993})
11. Bxf6 $5 {[%cal Gd4d5] White doesn't need the bishop for his "lightsquared
strategy".} (11. Qe2 a6 12. Ba2 {1/2-1/2 Nikolaidis,I-Yandemirov,V/Peristeri
1993/CBM 39 ext (12)}) (11. Qd2 a6 12. Bh4 h6 13. Bb3 Nf8 14. Qd3 $6 Ra7 15.
Bg3 Ng6 16. dxe5 dxe5 17. Nh4 Nxh4 18. Bxh4 Nh5 $11 {Aparicio,A-Cuasnicu,O/
Quilmes 1980}) (11. d5 $5 c5 12. a5 a6 13. axb6 Nxb6 14. Bf1 Bb7 15. Ra3 Reb8
16. Qd2 Ne8 17. Rea1 $14 {[%csl Ra6] Markidis,K-Aftsoglou,I/Agios Nikolaos 2000
}) 11... Bxf6 12. d5 c5 {Black can't let white to take on c6.} (12... Bb7 13.
dxc6 Bxc6 14. Bd5 Rad8 15. Nb5 Bxb5 16. axb5 $16 {[%csl Ra7,Rf6]}) 13. a5 bxa5
(13... Rb8 $2 14. Nb5) 14. Nd2 {Intending to win back the pawn.} a6 $6 {
[%csl Ra6]} (14... Bg5 15. Nb3 Rb8 16. Nxa5 Rxb2 17. Nc6 a6 18. Bxa6 Bxa6 19.
Rxa6 g6 $14) 15. Nb3 Nb6 (15... Rb8 $5) 16. Be2 {In some lines white bishop
come to g4...} (16. Bf1) 16... g6 17. Nxa5 Bg7 (17... Bg5 $5 {[%csl Gd2]}) 18.
Na4 $5 Nd7 {More persistant was} (18... Nxa4 19. Rxa4 Bd7 20. Ra2 Bb5 21. Qd2
Ra7 22. Rea1 Rea8 $14 {and it's not so clear how white can win a pawn on a6.})
19. Nc4 f5 $6 (19... Bh6 20. Bg4 Rb8) 20. Qd2 $1 {[%cal Gd2a5] Without the
queens black's chances to get counterplay are slim.} Rb8 $6 (20... fxe4 21. Qa5
Qxa5 22. Nxa5 Bf8 23. Bg4 Nf6 24. Nb6 $16) (20... a5 21. Nc3 {[%csl Ra5,Rd6]
[%cal Gc3b5]} Ba6 22. Rxa5 Bxc4 23. Rxa8 Rxa8 24. Bxc4 $16) 21. Qa5 Qxa5 22.
Nxa5 Nf6 (22... fxe4 23. Nc6 Ra8 24. Bg4 h5 25. Bxd7 Bxd7 26. Nb6 Bxc6 27. dxc6
Ra7 28. Nd5 $16) 23. Nc6 $18 {The rest is a matter of technique.} Rb7 (23...
Ra8 24. Nb6 $18) 24. Bxa6 Rf7 25. Bxc8 Rxc8 26. Nb6 Re8 27. Nc4 Bf8 (27... Nxe4
28. f3 Nf6 29. Nxd6) 28. f3 Rb7 29. b3 h5 30. Ra6 Kg7 31. Kf2 h4 32. Ke3 {
[%cal Ge1a1]} Nh5 33. Rea1 Kf6 34. Ra8 Rxa8 35. Rxa8 Bh6+ 36. Kf2 Rd7 37. Ra7
$1 Rxa7 38. Nxa7 Bf8 39. Nb5 Ng3 40. Nbxd6 Bxd6 41. Nxd6 Ke7 42. Nc4 fxe4 43.
Nxe5 exf3 44. Nxg6+ Kd6 45. Kxf3 Nf5 46. Kf4 Nd4 47. c4 1-0

[Event "RUS-ch 66th"]
[Site "Nizhnij Novgorod"]
[Date "2013.10.13"]
[Round "8"]
[White "Goganov, Aleksey"]
[Black "Motylev, Alexander"]
[Result "1-0"]
[WhiteElo "2575"]
[BlackElo "2676"]
[Annotator "Friedel,J"]
[PlyCount "81"]
[EventDate "2013.10.05"]
[EventType "tourn"]
[EventRounds "9"]
[EventCountry "RUS"]
[EventCategory "18"]
[SourceTitle "CBM 157"]
[Source "ChessBase"]
[SourceDate "2013.11.12"]
[SourceVersion "1"]
[SourceVersionDate "2013.11.12"]
[SourceQuality "1"]

1. d4 d6 2. e4 Nf6 3. Nc3 Nbd7 4. Nf3 e5 5. Bc4 Be7 6. O-O O-O 7. a4 c6 8. a5
$5 {This move is a fairly recent development. The idea is obvious - Black's
queenside development is severely restricted now.} (8. Re1 {has been played in
countless games, after which Black typically plays either a5 or b6.}) 8... Rb8
{Black tries to free his queenside by preparing the b5 push. Note how the pawn
on a5 actually allows for this possibility, though White will get the open
a-file in compensation.} (8... h6 9. Re1 Re8 {is another way to play, simply
waiting for White to commit his pieces before deciding on concrete action.}) 9.
Qe2 Qc7 (9... b5 {I would probably prefer to play this move immediately, as it
is unclear if the queen really belongs on c7 in these positions.}) 10. Be3 {
White forces Black's hand on the queenside, since the a7-pawn is now under an
indirect threat.} b5 11. axb6 axb6 12. d5 {This is a typical idea for White in
these Philidor positions, and with the open a-file I think it is even stronger.
} b5 $6 {This move is understandable, but objectively allowing Ra7 is just too
much.} (12... Bb7 13. dxc6 Bxc6 14. Nd2 {gives White a slight edge due to the
weakened light squares, but Black has a better position here than he did in
the game.}) 13. Ra7 Bb7 14. dxc6 bxc4 15. cxd7 (15. cxb7 Rxb7 16. Rfa1 {
also leaves White with a comfortable advantage, and though it doesn't win
material by force, it kills some potential counterplay from the b7 bishop. I
guess it is a matter of taste.}) 15... Qxd7 16. Qxc4 Rfc8 17. Qd3 h6 {At this
point, White is up a pawn for dubious compensation at best, but the game took
an unusual turn.} 18. Nh4 $2 {I'm not a believer in this kingside escapade.} (
18. Nd2 {looks simple, solid, and strong.}) 18... Bf8 19. f4 $2 {This is
consistent, but as is often the case when pursuing the wrong path, consistency
is not a positive quality.} (19. f3 {was probably best, solidifying the center,
but there is no way White would play Nh4 with the intention of following it up
with f3.}) 19... Ng4 $2 (19... Qc6 $1 {was possible now, and I'm unsure how
White will defend this e4-pawn:} 20. Nf5 (20. fxe5 dxe5 {only helps out
Black's dark-squared bishop}) 20... Ra8 (20... Nxe4 21. Rxb7 Rxb7 22. Nxe4 {
is less clear.}) 21. Rxa8 Rxa8 {and I think Black is just better, as the
e4-pawn is extremely weak and Black's pieces have a lot of active potential.})
20. Nf5 Nxe3 $6 {Once again, consistency is not a virtue.} (20... Qc6 {was
best even here, with the point that it isn't so easy for White to find a move.}
) 21. Nxe3 exf4 (21... Qc7 {was better, trying to bring the queen to the g1-a7
diagonal and discourage a knight from hopping on to the d5-square.}) 22. Rxf4 (
22. Ned5 $1 {was more accurate, as it shuts down Black's options of d5 and Ra8.
}) 22... d5 {I'm not sure this move is good objectively, but it is an
understandable practical try.} (22... Ra8 {was the main alternative, but after}
23. Rxa8 Rxa8 24. Ncd5 {White is clearly in charge.}) 23. Ncxd5 Rd8 {This
couldn't have been his intention.} (23... Bc5 {was the first idea that came to
my mind, which automatically makes it suspect, but there is some chance
Motylev had some idea like this as well.} 24. Nf6+ {No, I didn't miss this
move.} gxf6 25. Qxd7 Bxe3+ 26. Kh1 Bxa7 (26... Bxf4 27. Rxb7 {is simply lost
for Black}) 27. Rg4+ Kh8 28. Qd2 $1 {Yes, this one I missed, although Qxf7 is
perfectly sufficient as well.} Kh7 29. Rh4 {with mate to follow.}) (23... Qd6 {
is best according to the infernal machine, though after} 24. g3 Qe5 25. b4 {
it is clear Black won't have enough.}) 24. b4 {Once White takes away the
c5-square, Black's counterplay is limited. The rest should be fairly
straightforward.} Qe6 25. c3 Rd7 26. Ra1 Re8 27. Rd1 Kh8 28. Nf5 Qe5 29. Rff1
g6 30. Nxh6 $1 {Nicely calculated.} Bxd5 (30... Bxh6 31. Qh3 {[%cal Rh3h6,
Rh3d7]}) 31. Ng4 Qg5 32. Qh3+ Qh5 33. Qxh5+ gxh5 34. Nf6 Bc6 35. Nxd7 Bg7 36.
Nf6 Rc8 37. Rf5 Bh6 38. Rxh5 Kg7 39. Ng4 Bf4 40. Rc5 Bb8 41. Kh1 1-0

[Event "Madrid"]
[Site "Madrid"]
[Date "1993.??.??"]
[Round "1"]
[White "Polgar, Judit"]
[Black "Izeta Txabarri, Felix"]
[Result "1/2-1/2"]
[WhiteElo "2595"]
[BlackElo "2505"]
[Annotator "Ftacnik,L"]
[PlyCount "67"]
[EventDate "1993.06.??"]
[EventType "tourn"]
[EventRounds "9"]
[EventCountry "ESP"]
[EventCategory "14"]
[SourceTitle "CBM 036"]
[Source "ChessBase"]
[SourceDate "1993.10.01"]
[SourceVersion "1"]
[SourceVersionDate "1993.10.01"]
[SourceQuality "1"]

1. e4 d6 2. d4 Nf6 3. Nc3 Nbd7 4. Nf3 e5 5. Bc4 Be7 6. O-O O-O (6... c6 7. Qe2)
7. Qe2 $2 exd4 $1 8. Nxd4 Ne5 9. Bb3 c5 10. Nf5 Bxf5 11. exf5 Qd7 12. Nd5 Rae8
13. Rd1 Nc6 $6 (13... Bd8 $1 $15) 14. c3 Qxf5 15. Be3 $1 Nxd5 16. Rxd5 Qc8 17.
Qh5 $2 Rd8 18. Re1 $6 (18. Rad1) 18... Bf6 $1 19. Red1 Qc7 20. Qh3 g6 21. Qg3
Be5 22. f4 Bg7 23. f5 c4 $1 24. Bc2 (24. Bxc4 Ne7 25. Rc5 Qb8 $17) 24... Rfe8
25. Bg5 Rd7 26. f6 Bf8 27. h4 Qb6+ 28. Kh2 Qxb2 29. Bf5 Rc7 30. Bf4 Ne5 31. h5
$6 Qe2 $1 32. hxg6 Qh5+ 33. Bh3 hxg6 34. R5d4 (34. R5d4 Nd3 $17) 1/2-1/2